000 00332nam a2200157Ia 4500
001 7299
003 IN-NITTTR
005 20251114233027.0
008 251113s9999||||xx |||||||||||||| ||eng||
040 _beng
040 _cIN-NITTTR
041 _aeng
082 _a530.15 G959M
245 0 _aMathematical physics /
942 _2ddc
_cBK
999 _c9937
_d9937